An introduction to land law / (Record no. 22037)
[ view plain ]
| 000 -LEADER | |
|---|---|
| fixed length control field | 01383cam a22003255a 4500 |
| 001 - CONTROL NUMBER | |
| control field | 18734561 |
| 005 - DATE AND TIME OF LATEST TRANSACTION | |
| control field | 20160726151544.0 |
| 008 - FIXED-LENGTH DATA ELEMENTS--GENERAL INFORMATION | |
| fixed length control field | 150807s2015 enk frb 001 0 eng d |
| 010 ## - LIBRARY OF CONGRESS CONTROL NUMBER | |
| LC control number | 2014504198 |
| 020 ## - INTERNATIONAL STANDARD BOOK NUMBER | |
| International Standard Book Number | 1849465754 (paperback) |
| 020 ## - INTERNATIONAL STANDARD BOOK NUMBER | |
| International Standard Book Number | 9781849465755 (paperback) |
| 040 ## - CATALOGING SOURCE | |
| Original cataloging agency | DLC |
| Language of cataloging | eng |
| Transcribing agency | DLC |
| Modifying agency | EG-ScBUE |
| 042 ## - AUTHENTICATION CODE | |
| Authentication code | pcc |
| 043 ## - GEOGRAPHIC AREA CODE | |
| Geographic area code | e-uk-en |
| -- | e-uk-wl |
| 082 04 - DEWEY DECIMAL CLASSIFICATION NUMBER | |
| Edition number | 22 |
| Classification number | 346.42043 |
| Item number | GAR |
| 100 1# - MAIN ENTRY--PERSONAL NAME | |
| Personal name | Gardner, Simon, |
| Dates associated with a name | 1954- |
| 9 (RLIN) | 40466 |
| 245 13 - TITLE STATEMENT | |
| Title | An introduction to land law / |
| Statement of responsibility, etc | Simon Gardner and Emily MacKenzie. |
| 250 ## - EDITION STATEMENT | |
| Edition statement | 4th ed. |
| 260 ## - PUBLICATION, DISTRIBUTION, ETC. (IMPRINT) | |
| Place of publication, distribution, etc | Oxford ; |
| -- | Portland, Oregon : |
| Name of publisher, distributor, etc | Hart Publishing Ltd / Bloosbury Publishing plc, |
| Date of publication, distribution, etc | c.2015. |
| 300 ## - PHYSICAL DESCRIPTION | |
| Extent | xlii, 437 p. ; |
| Dimensions | 24 cm. |
| 500 ## - GENERAL NOTE | |
| General note | Index : p. 437-428. |
| 504 ## - BIBLIOGRAPHY, ETC. NOTE | |
| Bibliography, etc | Includes bibliographical references. |
| 505 0# - FORMATTED CONTENTS NOTE | |
| Formatted contents note | Rights in Rem -- Human rights -- When are disponces bound? -- Consenting out of a right -- Conferment -- Contracts to confer -- Adverse possession and prescription -- Proprietary estoppel -- Constructive trusts -- Ownership -- Leases -- Mortgages -- Easements -- Restrictive covenants -- Trust rights 1 -- Trust rights 2 --Licences. |
| 650 #7 - SUBJECT ADDED ENTRY--TOPICAL TERM | |
| Topical term or geographic name as entry element | Real property |
| Source of heading or term | BUEsh |
| Geographic subdivision | England. |
| 9 (RLIN) | 40468 |
| 650 #7 - SUBJECT ADDED ENTRY--TOPICAL TERM | |
| Topical term or geographic name as entry element | Real property |
| Source of heading or term | BUEsh |
| Geographic subdivision | Wales. |
| 9 (RLIN) | 40469 |
| 651 ## - SUBJECT ADDED ENTRY--GEOGRAPHIC NAME | |
| Source of heading or term | BUEsh |
| 653 ## - INDEX TERM--UNCONTROLLED | |
| Resource For college | Law |
| Arrived date list | July2016 |
| 700 1# - ADDED ENTRY--PERSONAL NAME | |
| Personal name | MacKenzie, Emily |
| Relator term | author. |
| 9 (RLIN) | 40467 |
| 942 ## - ADDED ENTRY ELEMENTS (KOHA) | |
| Source of classification or shelving scheme | Dewey Decimal Classification |
| Edition | 22 |
| Call number prefix | 346.42043 GAR |
| Withdrawn status | Item status | Source of classification or shelving scheme | Damaged status | Not for loan | Home library | Current library | Shelving location | Date acquired | Source of acquisition | Cost, normal purchase price | Serial Enumeration / chronology | Total Checkouts | Full call number | Barcode | Date last seen | Date last borrowed | Cost, replacement price | Koha item type |
|---|---|---|---|---|---|---|---|---|---|---|---|---|---|---|---|---|---|---|
| Dewey Decimal Classification | Central Library | Central Library | First floor | 26/07/2016 | Purchase | 314.00 | 26080 | 1 | 346.42043 GAR | 000032965 | 15/07/2025 | 17/02/2020 | 392.50 | Book - Borrowing |